| 000 | 00541nam a2200193 4500 | ||
|---|---|---|---|
| 003 | SEACOMMC | ||
| 005 | 20231010103130.0 | ||
| 008 | 231010b |||||||| |||| 00| 0 eng d | ||
| 020 | _cRs. 195.00 | ||
| 040 | _aSEACOMMC | ||
| 082 |
_a33.714 _bMAS |
||
| 100 | 1 | _aMasters, Gilbert M. | |
| 245 | 1 |
_aIntroduction to Environmental Engineering and science _cGilbert M. Masters |
|
| 250 | _a2nd ed. | ||
| 260 |
_aNew Delhi _bPrentice-Hall _c2005 |
||
| 650 | _aEconomics | ||
| 650 | _a land, recreational and wilderness areas, energy | ||
| 942 | _cBOOK | ||
| 999 |
_c97 _d97 |
||